Environmental chemistry

Gorde:
Xehetasun bibliografikoak
Egile nagusia: Baird, Colin
Formatua: Liburua
Hizkuntza:Undetermined
Argitaratua: New York W. H. Freeman and Company 2005
Gaiak:
Etiketak: Etiketa erantsi
Etiketarik gabe, Izan zaitez lehena erregistro honi etiketa jartzen!
Thư viện lưu trữ: Trung tâm Học liệu Trường Đại học Cần Thơ
LEADER 00509nam a2200193Ia 4500
001 CTU_69217
008 210402s9999 xx 000 0 und d
020 |b 32 
082 |a 628.50154 
082 |b B163 
100 |a Baird, Colin 
245 0 |a Environmental chemistry 
245 0 |c Colin Baird 
260 |a New York 
260 |b W. H. Freeman and Company 
260 |c 2005 
650 |a Environmental chemistry 
904 |i Trúc Phương 
980 |a Trung tâm Học liệu Trường Đại học Cần Thơ